000 01016nam a22003253u 4500
001 drd-57444059
003 Dreier
005 20260319135032.0
007 cr||||||||||||
008 260319b |||||||| |||| 00| 0 ger d
020 _a9789004549777
_9978-90-04-54977-7
040 _cRU-10907106
041 _aeng
100 1 _aGrimshaw, Adam
_4aut
_eAuthor
_968877
245 1 0 _aAnglo-Swedish Commercial Connections and Diplomatic Relations in the Seventeenth Century
_cAdam Grimshaw
264 _aLeiden
_bBrill
_c2023
300 _a322 Seiten
336 _aText
_btxt
_2rdacontent
337 _aComputermedien
_bc
_2rdamedia
338 _aOnline-Ressource
_bcr
_2rdacarrier
490 0 _aThe Northern World
_v96
500 _aE-Book / Zugriff nur im Lesesaal
648 _a1600-1700
_913586
650 _aDiplomatische Beziehungen
650 _aWirtschaft
651 _aEngland
651 _aSchweden
856 _zVolltext
_uhttps://doi.org/10.1163/9789004549777
942 _cEB
_2z
999 _c73956
_d73956